[Event "HUN-chT2 Toth 1213"]
[Site "Hungary"]
[Date "2013.03.03"]
[Round "8.2"]
[White "Kovacs, Zoltan"]
[Black "Marjanovic, Gyorgy"]
[Result "1/2-1/2"]
[WhiteElo "2018"]
[BlackElo "2125"]
[PlyCount "45"]
[EventDate "2012.09.16"]
[EventType "team-tourn"]
[EventRounds "11"]
[EventCountry "HUN"]
[SourceTitle "EXT 2014"]
[Source "ChessBase"]
[SourceDate "2013.11.20"]
[SourceVersion "1"]
[SourceVersionDate "2013.11.20"]
[SourceQuality "1"]
[WhiteTeam "Felegyhaza Csongrad"]
[BlackTeam "Maroczy II"]
[WhiteTeamCountry "HUN"]
[BlackTeamCountry "HUN"]

1. d4 d5 2. Bf4 Nf6 3. c3 c6 4. e3 Bf5 5. Bd3 e6 6. Bxf5 exf5 7. Qb3 Qb6 8. Qxb6 axb6 9. Nd2 b5 10. a4 Nbd7 11. a5 Be7 12. Ngf3 0-0 13. Ke2 Ra6 14. b4 Rfa8 15. Ne5 Nxe5 16. Bxe5 Nd7 17. Bc7 Rc8 18. Bg3 Bd8 19. Nb3 Rca8 20. Kd3 Kf8 21. Bd6+ Be7 22. Bxe7+ Kxe7 23. f3 1/2-1/2

[Event "HUN-chT2 Toth 1112"]
[Site "Hungary"]
[Date "2011.11.13"]
[Round "3.2"]
[White "Nagy, Sandor"]
[Black "Kovacs, Zoltan"]
[Result "1/2-1/2"]
[WhiteElo "2107"]
[BlackElo "2075"]
[PlyCount "24"]
[EventDate "2011.09.25"]
[EventType "team-tourn"]
[EventRounds "11"]
[EventCountry "HUN"]
[SourceTitle "EXT 2013"]
[Source "ChessBase"]
[SourceDate "2012.11.22"]
[SourceVersion "1"]
[SourceVersionDate "2012.11.22"]
[SourceQuality "1"]
[WhiteTeam "Mezobereny"]
[BlackTeam "KHTK"]
[WhiteTeamCountry "HUN"]
[BlackTeamCountry "HUN"]

1. d4 Nf6 2. c4 Nc6 3. Nc3 e5 4. d5 Ne7 5. e4 Ng6 6. h4 h5 7. Bg5 Be7 8. Nh3 d6 9. Qd2 a6 10. Be2 Bd7 11. f3 Nh7 12. Bxe7 Qxe7 1/2-1/2

[Event "HUN-chT2 Toth 1011"]
[Site "Hungary"]
[Date "2011.04.10"]
[Round "8.1"]
[White "Kovacs, Zoltan"]
[Black "Andor, Laszlo"]
[Result "0-1"]
[WhiteElo "2033"]
[BlackElo "2049"]
[PlyCount "104"]
[EventDate "2010.09.12"]
[EventType "team-tourn"]
[EventRounds "11"]
[EventCountry "HUN"]
[SourceTitle "EXT 2012"]
[Source "ChessBase"]
[SourceDate "2011.11.24"]
[SourceVersion "1"]
[SourceVersionDate "2011.11.24"]
[SourceQuality "1"]
[WhiteTeam "Csongrad Felegyhaza"]
[BlackTeam "Bekes"]
[WhiteTeamCountry "HUN"]
[BlackTeamCountry "HUN"]

1. e4 c5 2. Nf3 d6 3. d4 cxd4 4. Nxd4 Nf6 5. Nc3 a6 6. g3 Nc6 7. Bg2 Bd7 8. 0-0 g6 9. Nb3 Bg7 10. a4 Na5 11. Nxa5 Qxa5 12. Bd2 Qc7 13. h3 0-0 14. a5 Bc6 15. Be3 Nd7 16. Bd4 Rac8 17. Bxg7 Kxg7 18. f4 Rcd8 19. Rf2 Nf6 20. Qd4 Kg8 21. Qb4 d5 22. e5 Nh5 23. g4 Ng7 24. Rd1 e6 25. Qc5 f6 26. Re1 fxe5 27. Rxe5 Rd7 28. b4 Rdf7 29. Qe3 Qd6 30. Qd4 Qc7 31. Qe3 Rc8 32. Ne2 Bd7 33. c3 Qc4 34. Rf3 Qa2 35. Nd4 Rcf8 36. Kh2 Qc4 37. h4 Qc7 38. Bh3 Kh8 39. h5 gxh5 40. gxh5 Rf6 41. Kg3 Qd6 42. Nb3 Be8 43. Bg4 Nf5+ 44. Bxf5 Rxf5 45. Rxe6 Qd8 46. h6 R5f6 47. Qe5 Kg8 48. Rd3 Bc6 49. Nc5 R8f7 50. Rd4 Qf8 51. Qg5+ Kh8 52. f5 Rxf5 0-1

[Event "HUN-chT2 Toth 0910"]
[Site "Hungary"]
[Date "2010.02.28"]
[Round "7.3"]
[White "Kovacs, Zoltan"]
[Black "Luca, Ionel"]
[Result "0-1"]
[WhiteElo "2016"]
[BlackElo "2175"]
[PlyCount "76"]
[EventDate "2009.11.08"]
[EventType "team-tourn"]
[EventRounds "11"]
[EventCountry "HUN"]
[SourceTitle "EXT 2011"]
[Source "ChessBase"]
[SourceDate "2010.11.26"]
[SourceVersion "1"]
[SourceVersionDate "2010.11.26"]
[SourceQuality "1"]
[WhiteTeam "Kkfhazi Honved"]
[BlackTeam "Kisujszallas"]
[WhiteTeamCountry "HUN"]
[BlackTeamCountry "HUN"]

1. e4 d6 2. Nf3 Nf6 3. d3 e5 4. g3 Be7 5. Bg2 0-0 6. 0-0 Nc6 7. c3 d5 8. Nbd2 dxe4 9. dxe4 Be6 10. Qc2 Qc8 11. Re1 h6 12. b4 a5 13. b5 Na7 14. a4 Nd7 15. Rb1 b6 16. Bf1 c6 17. Bc4 Bxc4 18. Nxc4 cxb5 19. Ncxe5 Nxe5 20. Nxe5 Qe6 21. Nf3 b4 22. cxb4 Rfc8 23. Qb3 Qxb3 24. Rxb3 Bxb4 25. Bd2 Nc6 26. Rc1 Bxd2 27. Nxd2 Nb4 28. Rxc8+ Rxc8 29. Nb1 Rc4 30. Nc3 Kf8 31. Nd5 Nxd5 32. exd5 Rb4 33. Ra3 Ke7 34. Ra2 Kd6 35. Kg2 Kxd5 36. h4 Kc4 37. Kf3 Kb3 38. Ra1 Kb2 0-1

[Event "HUN-chT2 Toth 0910"]
[Site "Hungary"]
[Date "2010.02.14"]
[Round "6.3"]
[White "Erdos, Boglarka"]
[Black "Kovacs, Zoltan"]
[Result "1-0"]
[WhiteElo "2140"]
[BlackElo "2016"]
[PlyCount "45"]
[EventDate "2009.11.08"]
[EventType "team-tourn"]
[EventRounds "11"]
[EventCountry "HUN"]
[SourceTitle "EXT 2011"]
[Source "ChessBase"]
[SourceDate "2010.11.26"]
[SourceVersion "1"]
[SourceVersionDate "2010.11.26"]
[SourceQuality "1"]
[WhiteTeam "Mako II"]
[BlackTeam "Kkfhazi Honved"]
[WhiteTeamCountry "HUN"]
[BlackTeamCountry "HUN"]

1. e4 e6 2. d4 d5 3. Nc3 Nf6 4. exd5 exd5 5. Bd3 Bd6 6. Bg5 c6 7. Nge2 Bg4 8. f3 Bh5 9. Qd2 Nbd7 10. 0-0-0 Qc7 11. Nf4 h6 12. Nxh5 Nxh5 13. Rde1+ Kf8 14. Be3 Bf4 15. g3 Bxe3 16. Rxe3 g6 17. Rhe1 Kg7 18. Re7 Nhf6 19. g4 Rae8 20. g5 hxg5 21. Qxg5 Rxe7 22. Rxe7 Kf8 23. Qxf6 1-0

[Event "Budapest FS08 FM-A"]
[Site "Budapest"]
[Date "2008.08.11"]
[Round "10"]
[White "Teglas, Balazs"]
[Black "Kovacs, Zoltan"]
[Result "1-0"]
[WhiteElo "2153"]
[BlackElo "2146"]
[PlyCount "57"]
[EventDate "2008.08.02"]
[EventType "tourn"]
[EventRounds "11"]
[EventCountry "HUN"]
[SourceTitle "CBM 125 Extra"]
[Source "ChessBase"]
[SourceDate "2008.09.01"]
[SourceVersion "1"]
[SourceVersionDate "2008.09.01"]
[SourceQuality "1"]

1. c4 Nf6 2. Nc3 e5 3. g3 d6 4. Bg2 g6 5. e3 Bg7 6. Nge2 0-0 7. d4 Nbd7 8. 0-0 Re8 9. Rb1 a5 10. a3 e4 11. Qc2 Qe7 12. b4 c6 13. b5 c5 14. Nf4 Nb6 15. Rd1 Bg4 16. Rd2 g5 17. dxc5 gxf4 18. cxb6 f3 19. h3 Bf5 20. Bf1 Qe6 21. Kh2 Nh5 22. Nd5 Be5 23. Bb2 Qg6 24. Nc7 Nxg3 25. fxg3 Qxg3+ 26. Kh1 Kh8 27. Nxe8 Rxe8 28. Bxe5+ dxe5 29. Rh2 1-0

[Event "Budapest FS08 FM-A"]
[Site "Budapest"]
[Date "2008.08.09"]
[Round "8"]
[White "Zoltan, Andras"]
[Black "Kovacs, Zoltan"]
[Result "0-1"]
[WhiteElo "2078"]
[BlackElo "2146"]
[PlyCount "126"]
[EventDate "2008.08.02"]
[EventType "tourn"]
[EventRounds "11"]
[EventCountry "HUN"]
[SourceTitle "CBM 125 Extra"]
[Source "ChessBase"]
[SourceDate "2008.09.01"]
[SourceVersion "1"]
[SourceVersionDate "2008.09.01"]
[SourceQuality "1"]

1. e4 e6 2. c4 c5 3. Nf3 d6 4. d4 cxd4 5. Nxd4 Nf6 6. Nc3 a6 7. Be3 Nbd7 8. Bd3 g6 9. Qd2 Ng4 10. Bg5 Qc7 11. h3 Nge5 12. Rc1 Nxd3+ 13. Qxd3 Ne5 14. Qe2 Qxc4 15. Qxc4 Nxc4 16. b3 Ne5 17. Bf6 Nd3+ 18. Kd2 Nxc1 19. Bxh8 Bh6+ 20. Kc2 Ke7 21. Rxc1 Bd7 22. Bf6+ Kxf6 23. Rf1 Ke7 24. f4 Bg7 25. Kd3 Rc8 26. g4 b5 27. a3 Rc5 28. Nde2 a5 29. Rc1 b4 30. axb4 axb4 31. Na2 Bb5+ 32. Kd2 Bxe2 33. Kxe2 Bb2 34. Rd1 Ba3 35. Kd3 f5 36. gxf5 gxf5 37. Re1 fxe4+ 38. Rxe4 Rh5 39. Nxb4 Rxh3+ 40. Kc4 Bxb4 41. Kxb4 Rf3 42. Ka4 d5 43. Rd4 Kd6 44. b4 Kc6 45. Rd1 Rxf4 46. Rh1 Rf7 47. Rh6 Re7 48. Rh4 Ra7+ 49. Kb3 Kb5 50. Rh6 Re7 51. Kc3 Ka4 52. Kd4 Kxb4 53. Ke5 Kc5 54. Rh1 Kc6 55. Rc1+ Kd7 56. Ra1 h5 57. Kf6 Re8 58. Ra7+ Kd6 59. Ra6+ Kc5 60. Kf7 Rd8 61. Kxe6 d4 62. Ra5+ Kc4 63. Rxh5 d3 0-1

[Event "Budapest FS08 FM-A"]
[Site "Budapest"]
[Date "2008.08.07"]
[Round "6"]
[White "Ruzicic, Sinisa"]
[Black "Kovacs, Zoltan"]
[Result "0-1"]
[WhiteElo "2045"]
[BlackElo "2146"]
[PlyCount "60"]
[EventDate "2008.08.02"]
[EventType "tourn"]
[EventRounds "11"]
[EventCountry "HUN"]
[SourceTitle "CBM 125 Extra"]
[Source "ChessBase"]
[SourceDate "2008.09.01"]
[SourceVersion "1"]
[SourceVersionDate "2008.09.01"]
[SourceQuality "1"]

1. c4 Nf6 2. Nc3 c5 3. g3 d5 4. Bg2 d4 5. Ne4 Nxe4 6. Bxe4 Nc6 7. d3 e5 8. e3 dxe3 9. Bxe3 Be6 10. Ne2 Qd7 11. 0-0 0-0-0 12. Qa4 Kb8 13. a3 Nd4 14. Nc3 Ne2+ 15. Kg2 Nxc3 16. Qxd7 Rxd7 17. bxc3 f5 18. Bd5 Bxd5+ 19. cxd5 Rxd5 20. c4 Rxd3 21. Rfd1 Rd6 22. Rxd6 Bxd6 23. Rd1 Kc7 24. Rd5 b6 25. f4 Re8 26. fxe5 Rxe5 27. Rxe5 Bxe5 28. Kf3 Kc6 29. a4 a6 30. h4 b5 0-1

[Event "Balatonalmadi Pannonia Cup 11th"]
[Site "Balatonalmadi"]
[Date "2006.08.06"]
[Round "7"]
[White "Zentai, Peter"]
[Black "Kovacs, Zoltan"]
[Result "0-1"]
[WhiteElo "2122"]
[BlackElo "2042"]
[PlyCount "42"]
[EventDate "2006.08.02"]
[EventType "swiss"]
[EventRounds "7"]
[EventCountry "HUN"]
[SourceTitle "EXT 2016"]
[Source "ChessBase"]
[SourceDate "2015.10.08"]
[SourceVersion "1"]
[SourceVersionDate "2015.10.08"]
[SourceQuality "1"]

1. d4 Nf6 2. c4 c5 3. d5 b5 4. cxb5 a6 5. bxa6 g6 6. Nc3 Bxa6 7. e4 Bxf1 8. Kxf1 d6 9. g3 Bg7 10. Kg2 Nbd7 11. h3 0-0 12. Nf3 Ra7 13. Qc2 Qa8 14. Rd1 Rb8 15. Be3 Nb6 16. Nd2 Na4 17. Nxa4 Rxa4 18. a3 e6 19. dxe6 Nxe4 20. exf7+ Kf8 21. Nxe4 Rxe4 0-1

[Event "HUN-chT2 Maroczy 0506"]
[Site "Hungary"]
[Date "2006.04.23"]
[Round "11"]
[White "Fodre, Sandor"]
[Black "Kovacs, Zoltan"]
[Result "1-0"]
[WhiteElo "2244"]
[BlackElo "2162"]
[PlyCount "97"]
[EventDate "2005.10.16"]
[EventType "team-tourn"]
[EventRounds "11"]
[EventCountry "HUN"]
[SourceTitle "EXT 2009"]
[Source "ChessBase"]
[SourceDate "2008.11.26"]
[SourceVersion "1"]
[SourceVersionDate "2008.11.26"]
[SourceQuality "1"]
[WhiteTeam "Matra"]
[BlackTeam "Vizugy"]
[WhiteTeamCountry "HUN"]
[BlackTeamCountry "HUN"]

1. e4 c5 2. c3 d5 3. exd5 Qxd5 4. d4 Nf6 5. Nf3 e6 6. Bd3 Nc6 7. 0-0 cxd4 8. cxd4 Be7 9. Nc3 Qd6 10. Nb5 Qd8 11. Bf4 Nd5 12. Bg3 a6 13. Nc3 0-0 14. Rc1 Ncb4 15. Bb1 Bd7 16. Ne5 g6 17. Ne4 Bb5 18. Re1 f5 19. a3 fxe4 20. axb4 e3 21. Qg4 exf2+ 22. Bxf2 Nf4 23. Bxg6 Ne2+ 24. Rxe2 Bxe2 25. Bf7+ Kh8 26. Qxe2 Bh4 27. g3 Bg5 28. Re1 Qf6 29. Bh5 Rad8 30. Ng4 Qf5 31. Qxe6 Bd2 32. Qxf5 Rxf5 33. Re8+ Rxe8 34. Bxe8 Bxb4 35. Ne5 Kg7 36. Bd7 Rf6 37. d5 Rd6 38. Be6 Kf6 39. Bd4 Ke7 40. Nd3 Ba5 41. b4 Bd8 42. Kf1 Bb6 43. Nc5 Rd8 44. Ke2 Rf8 45. Bg7 Rb8 46. Be5 Rf8 47. Bf4 a5 48. Bg5+ Ke8 49. d6 1-0

[Event "HUN-chT2 Maroczy 0506"]
[Site "Hungary"]
[Date "2006.04.09"]
[Round "10"]
[White "Kovacs, Zoltan"]
[Black "Bernei, Andras"]
[Result "0-1"]
[WhiteElo "2162"]
[BlackElo "2280"]
[PlyCount "81"]
[EventDate "2005.10.16"]
[EventType "team-tourn"]
[EventRounds "11"]
[EventCountry "HUN"]
[SourceTitle "EXT 2009"]
[Source "ChessBase"]
[SourceDate "2008.11.26"]
[SourceVersion "1"]
[SourceVersionDate "2008.11.26"]
[SourceQuality "1"]
[WhiteTeam "Vizugy"]
[BlackTeam "Vasas"]
[WhiteTeamCountry "HUN"]
[BlackTeamCountry "HUN"]

1. e4 c6 2. d4 d5 3. exd5 cxd5 4. c4 Nf6 5. Nc3 e6 6. Nf3 Bb4 7. cxd5 Nxd5 8. Bd2 Nc6 9. Nxd5 Qxd5 10. Bxb4 Nxb4 11. Qa4+ Nc6 12. 0-0-0 0-0 13. Bc4 Qf5 14. Qb5 Qf4+ 15. Kb1 Rd8 16. Rhe1 Bd7 17. Qh5 Be8 18. g3 Qf6 19. Re4 g6 20. Qg4 h5 21. Qf4 Qxf4 22. Rxf4 Rd6 23. Re4 Rad8 24. h4 Na5 25. Ne5 f6 26. b4 Rb6 27. Ka1 Nxc4 28. Nxc4 Rxb4 29. Ne3 e5 30. Nc2 Rc4 31. Rd2 Ba4 32. Ne3 Rcxd4 33. Rexd4 Rxd4 34. Rb2 Bc6 35. Rc2 Kf7 36. Kb2 Ke6 37. Nc4 Be4 38. Rc3 Bd5 39. Ne3 Rd2+ 40. Rc2 Rxc2+ 41. Kxc2 0-1

[Event "HUN-chT2 Maroczy 0506"]
[Site "Hungary"]
[Date "2005.11.27"]
[Round "4"]
[White "Janoska, Sandor"]
[Black "Kovacs, Zoltan"]
[Result "1/2-1/2"]
[WhiteElo "2163"]
[BlackElo "2162"]
[PlyCount "43"]
[EventDate "2005.10.16"]
[EventType "team-tourn"]
[EventRounds "11"]
[EventCountry "HUN"]
[SourceTitle "EXT 2009"]
[Source "ChessBase"]
[SourceDate "2008.11.26"]
[SourceVersion "1"]
[SourceVersionDate "2008.11.26"]
[SourceQuality "1"]
[WhiteTeam "Miskolc EMSE"]
[BlackTeam "Vizugy"]
[WhiteTeamCountry "HUN"]
[BlackTeamCountry "HUN"]

1. d4 d5 2. c4 c6 3. cxd5 cxd5 4. Nc3 Nc6 5. Nf3 Nf6 6. e3 a6 7. Bd3 e6 8. 0-0 Bd6 9. e4 dxe4 10. Nxe4 Be7 11. Be3 0-0 12. Qd2 Nd5 13. Rac1 f5 14. Nc3 Ncb4 15. Bb1 b5 16. Rfe1 Bb7 17. Bg5 Nxc3 18. Rxc3 Bxf3 19. Bxe7 Qxe7 20. Rxf3 Qd6 21. Rfe3 Rf6 22. a3 1/2-1/2

[Event "HUN-chT2 Maroczy 0506"]
[Site "Hungary"]
[Date "2005.10.30"]
[Round "2"]
[White "Lorinc, Sandor"]
[Black "Kovacs, Zoltan"]
[Result "1-0"]
[WhiteElo "2181"]
[BlackElo "2162"]
[PlyCount "76"]
[EventDate "2005.10.16"]
[EventType "team-tourn"]
[EventRounds "11"]
[EventCountry "HUN"]
[SourceTitle "EXT 2009"]
[Source "ChessBase"]
[SourceDate "2008.11.26"]
[SourceVersion "1"]
[SourceVersionDate "2008.11.26"]
[SourceQuality "1"]
[WhiteTeam "Koszolg"]
[BlackTeam "Vizugy"]
[WhiteTeamCountry "HUN"]
[BlackTeamCountry "HUN"]

1. d4 d5 2. Nf3 c6 3. Bf4 Nf6 4. Nbd2 Bf5 5. e3 e6 6. Be2 Nbd7 7. 0-0 h6 8. c4 Be7 9. Ne5 Nxe5 10. Bxe5 0-0 11. Qb3 Qd7 12. a4 Ne4 13. Nxe4 Bxe4 14. c5 f6 15. Bg3 e5 16. a5 Rfe8 17. a6 bxa6 18. Rxa6 Rab8 19. Qa3 Qb7 20. Bg4 Qxb2 21. Qxb2 Rxb2 22. Rxa7 Bf8 23. Bd7 Reb8 24. Bxc6 Kh7 25. Rd1 R2b4 26. h3 Bc2 27. Rc1 Bb3 28. dxe5 fxe5 29. Bxe5 Bc4 30. Bd4 Rb1 31. Rxb1 Rxb1+ 32. Kh2 Rc1 33. Bd7 Kg6 34. g4 Kg5 35. Be6 Rc2 36. Kg3 Bd3 37. h4+ Kg6 38. Bxd5 Bxc5 1-0

[Event "HUN-chT2 Maroczy 0405"]
[Site "Hungary"]
[Date "2005.04.10"]
[Round "10"]
[White "Galko, Tibor"]
[Black "Kovacs, Zoltan"]
[Result "1/2-1/2"]
[WhiteElo "2072"]
[BlackElo "2121"]
[PlyCount "44"]
[EventDate "2004.09.26"]
[EventType "team-tourn"]
[EventRounds "11"]
[EventCountry "HUN"]
[SourceTitle "EXT 2008"]
[Source "ChessBase"]
[SourceDate "2007.11.25"]
[SourceVersion "1"]
[SourceVersionDate "2007.11.25"]
[SourceQuality "1"]
[WhiteTeam "Edeleny"]
[BlackTeam "Vizugy"]
[WhiteTeamCountry "HUN"]
[BlackTeamCountry "HUN"]

1. e4 c5 2. d4 cxd4 3. c3 d5 4. exd5 Qxd5 5. Nf3 Nc6 6. cxd4 e6 7. Nc3 Qd8 8. Be2 Nf6 9. 0-0 Be7 10. Be3 0-0 11. a3 b6 12. Ne5 Bb7 13. Bf3 Nd5 14. Nxd5 exd5 15. Nxc6 Bxc6 16. Rc1 Qd7 17. Qb3 Rad8 18. Rc3 Bd6 19. Rfc1 Bb7 20. g3 Qf5 21. Bg2 g5 22. Qc2 Qxc2 1/2-1/2

[Event "HUN-chT2 Breyer 0405"]
[Site "Hungary"]
[Date "2005.02.20"]
[Round "8"]
[White "Kovacs, Zoltan"]
[Black "Koczo, Kristof"]
[Result "1/2-1/2"]
[WhiteElo "2146"]
[BlackElo "2198"]
[PlyCount "103"]
[EventDate "2004.09.26"]
[EventType "team-tourn"]
[EventRounds "11"]
[EventCountry "HUN"]
[SourceTitle "EXT 2009"]
[Source "ChessBase"]
[SourceDate "2008.11.26"]
[SourceVersion "1"]
[SourceVersionDate "2008.11.26"]
[SourceQuality "1"]
[WhiteTeam "Vizugy II"]
[BlackTeam "Honved II"]
[WhiteTeamCountry "HUN"]
[BlackTeamCountry "HUN"]

1. e4 c6 2. d4 d5 3. exd5 cxd5 4. c4 Nf6 5. Nc3 Nc6 6. Nf3 Bg4 7. cxd5 Nxd5 8. Qb3 Bxf3 9. gxf3 Nb6 10. Be3 e6 11. 0-0-0 Be7 12. d5 exd5 13. Bxb6 Qxb6 14. Qxb6 axb6 15. Nxd5 0-0 16. Nxe7+ Nxe7 17. Kb1 Rfd8 18. Bd3 h6 19. Rd2 Kf8 20. Rhd1 Nc6 21. Be4 Rxd2 22. Rxd2 Rd8 23. Rxd8+ Nxd8 24. Kc2 Ke7 25. Kc3 Kd6 26. b4 g6 27. f4 f5 28. Bf3 Nc6 29. h4 h5 30. a4 Nd8 31. Kc4 Ne6 32. Bxb7 Nxf4 33. a5 bxa5 34. bxa5 Kc7 35. Bf3 Kb8 36. Bd5 Ka7 37. Bf7 Ka6 38. Kd4 Kxa5 39. Ke5 Nd3+ 40. Kf6 Nxf2 41. Kxg6 f4 42. Kxh5 Nd3 43. Bd5 Ne5 44. Kh6 Kb6 45. h5 Kc5 46. Be4 Kd4 47. Bb7 f3 48. Bxf3 Nxf3 49. Kg7 Ke5 50. h6 Ng5 51. h7 Nxh7 52. Kxh7 1/2-1/2

[Event "HUN-chT2 Charousek 0304"]
[Site "Hungary"]
[Date "2004.04.04"]
[Round "10"]
[White "Guzs, Laszlo"]
[Black "Kovacs, Zoltan"]
[Result "1-0"]
[WhiteElo "2106"]
[BlackElo "2121"]
[PlyCount "109"]
[EventDate "2003.09.28"]
[EventType "team-tourn"]
[EventRounds "11"]
[EventCountry "HUN"]
[SourceTitle "EXT 2005"]
[Source "ChessBase"]
[SourceDate "2004.11.15"]
[SourceVersion "1"]
[SourceVersionDate "2004.11.15"]
[SourceQuality "1"]

1. d4 d5 2. Nf3 c6 3. c3 e6 4. Bf4 Nf6 5. Nbd2 Bd6 6. e3 Bxf4 7. exf4 0-0 8. Bd3 c5 9. dxc5 Qc7 10. g3 Nbd7 11. 0-0 Nxc5 12. Qc2 b6 13. Rfe1 Bb7 14. Nd4 a6 15. N2f3 Rae8 16. Ng5 Nfe4 17. Bxe4 Nxe4 18. Ndf3 f6 19. Nxe4 dxe4 20. Nd4 f5 21. Rad1 Kh8 22. Qa4 Re7 23. h4 e5 24. Ne2 b5 25. Qb4 Rd8 26. fxe5 Kg8 27. Rxd8+ Qxd8 28. Qd6 Qe8 29. Qb6 e3 30. f4 h6 31. Nd4 Be4 32. Rxe3 g5 33. Qxh6 gxf4 34. Qxf4 Qd8 35. Qg5+ Kh8 36. Qf6+ Kh7 37. Qd6 Rd7 38. Qe6 Rg7 39. Kh2 Qf8 40. Qf6 Rf7 41. Qg5 Bb7 42. Qh5+ Kg8 43. Qg6+ Rg7 44. Qe6+ Kh8 45. Qf6 Qxf6 46. exf6 Rf7 47. Re7 Kg8 48. Rxf7 Kxf7 49. Nxf5 Kxf6 50. g4 Bd5 51. b3 Ke5 52. Kg3 Ke4 53. Ne7 Be6 54. h5 a5 55. h6 1-0

[Event "HUN-chT2 Charousek 0304"]
[Site "Hungary"]
[Date "2004.01.25"]
[Round "6"]
[White "Prohaszka, Peter"]
[Black "Kovacs, Zoltan"]
[Result "1/2-1/2"]
[WhiteElo "2102"]
[BlackElo "2121"]
[PlyCount "62"]
[EventDate "2003.09.28"]
[EventType "team-tourn"]
[EventRounds "11"]
[EventCountry "HUN"]
[SourceTitle "EXT 2005"]
[Source "ChessBase"]
[SourceDate "2004.11.15"]
[SourceVersion "1"]
[SourceVersionDate "2004.11.15"]
[SourceQuality "1"]

1. e4 c5 2. f4 e6 3. e5 d5 4. exd6 Nf6 5. Nc3 a6 6. d3 Qxd6 7. Be2 Be7 8. Bf3 Nc6 9. Nge2 Nd4 10. Nxd4 cxd4 11. Ne4 Qc7 12. Ng3 Bd7 13. 0-0 0-0 14. Rf2 Rad8 15. Nh5 Nxh5 16. Bxh5 b5 17. Bd2 Bf6 18. Bb4 Rfe8 19. Qd2 Rc8 20. Bf3 Bc6 21. Bxc6 Qxc6 22. Re1 h6 23. Re4 Qd5 24. a3 Rc6 25. Qd1 Rec8 26. Ree2 Bd8 27. Qb1 Bc7 28. Rf1 Qh5 29. Ref2 g5 30. g3 f5 31. Qd1 Qg6 1/2-1/2

[Event "HUN-chT2 Charousek 0304"]
[Site "Hungary"]
[Date "2003.12.07"]
[Round "5"]
[White "Szirmai, Eduard"]
[Black "Kovacs, Zoltan"]
[Result "1-0"]
[WhiteElo "2157"]
[BlackElo "2121"]
[PlyCount "119"]
[EventDate "2003.09.28"]
[EventType "team-tourn"]
[EventRounds "11"]
[EventCountry "HUN"]
[SourceTitle "EXT 2005"]
[Source "ChessBase"]
[SourceDate "2004.11.15"]
[SourceVersion "1"]
[SourceVersionDate "2004.11.15"]
[SourceQuality "1"]

1. d4 d5 2. c4 c6 3. e3 Nf6 4. Nc3 e6 5. Nf3 Bd6 6. Bd3 Nbd7 7. 0-0 0-0 8. e4 dxe4 9. Nxe4 Nxe4 10. Bxe4 f5 11. Bc2 e5 12. c5 Be7 13. dxe5 Nxc5 14. Qe2 Be6 15. Rd1 Qc8 16. Bg5 Bxg5 17. Nxg5 Bd5 18. Qe3 Ne6 19. Nxe6 Qxe6 20. f4 Rf7 21. Rd3 g5 22. Bb3 Bxb3 23. axb3 gxf4 24. Qxf4 a6 25. Rad1 Re8 26. Rg3+ Rg7 27. Rd6 Qf7 28. Rf6 Qd5 29. Rxg7+ Kxg7 30. Qg5+ Kh8 31. Rxf5 Qd4+ 32. Rf2 Rf8 33. Qd2 Qxd2 34. Rxd2 Re8 35. Re2 Kg7 36. Kf2 Kg6 37. Kf3 Kf5 38. g4+ Ke6 39. Ke4 Rg8 40. h3 Rg5 41. Kf4 h6 42. h4 Rg7 43. Rd2 Rf7+ 44. Ke4 h5 45. g5 Rf1 46. Rd6+ Ke7 47. Rh6 Rf2 48. Rxh5 Rxb2 49. Rh7+ Ke6 50. Rxb7 Rg2 51. Kf4 Rd2 52. g6 Rd4+ 53. Kg5 Rd1 54. Rb4 Kxe5 55. g7 Rd8 56. h5 Ke6 57. Kg6 a5 58. Re4+ Kd5 59. Re1 Kc5 60. h6 1-0

[Event "HUN-chT2 Charousek 0304"]
[Site "Hungary"]
[Date "2003.11.16"]
[Round "3"]
[White "Holczl, Attila"]
[Black "Kovacs, Zoltan"]
[Result "1/2-1/2"]
[WhiteElo "2042"]
[BlackElo "2121"]
[PlyCount "27"]
[EventDate "2003.09.28"]
[EventType "team-tourn"]
[EventRounds "11"]
[EventCountry "HUN"]
[SourceTitle "EXT 2005"]
[Source "ChessBase"]
[SourceDate "2004.11.15"]
[SourceVersion "1"]
[SourceVersionDate "2004.11.15"]
[SourceQuality "1"]

1. d4 d5 2. Nf3 Nf6 3. e3 e6 4. Bd3 c5 5. c3 Nc6 6. Nbd2 Bd7 7. Ne5 Bd6 8. f4 Rc8 9. 0-0 b5 10. Qe2 b4 11. a4 c4 12. Bb1 0-0 13. e4 Be7 14. Nxd7 1/2-1/2

[Event "HUN-chT2 Charousek 0203"]
[Site "Hungary"]
[Date "2003.04.13"]
[Round "11.9"]
[White "Juracsik, Jozsef"]
[Black "Kovacs, Zoltan"]
[Result "0-1"]
[WhiteElo "2214"]
[BlackElo "2067"]
[PlyCount "104"]
[EventDate "2002.09.22"]
[EventType "team-tourn"]
[EventRounds "11"]
[EventCountry "HUN"]
[SourceTitle "EXT 2004"]
[Source "ChessBase"]
[SourceDate "2003.11.25"]
[SourceVersion "1"]
[SourceVersionDate "2003.11.25"]
[SourceQuality "1"]
[WhiteTeam "Tapolca Rockwool"]
[BlackTeam "Vizugy"]
[WhiteTeamCountry "HUN"]
[BlackTeamCountry "HUN"]

1. e4 c5 2. Nf3 e6 3. d4 cxd4 4. Nxd4 a6 5. Bd3 Qc7 6. 0-0 Nf6 7. c4 Nc6 8. Nxc6 dxc6 9. Be3 e5 10. h3 Bd7 11. c5 Rd8 12. Qe2 Be6 13. Rd1 Be7 14. Nc3 0-0 15. Bc4 Qc8 16. b4 Bxc4 17. Qxc4 Nh5 18. Ne2 g6 19. Bd2 Qc7 20. Bc3 Ng7 21. Qb3 Ne6 22. Qb2 f6 23. Qb3 Qc8 24. f4 exf4 25. Nxf4 Kf7 26. Kh1 g5 27. Nd5 cxd5 28. exd5 Nxc5 29. bxc5 Bxc5 30. Rac1 Kg7 31. Bb4 b6 32. Bxc5 bxc5 33. Qb6 c4 34. Qd4 Rd6 35. Rxc4 Qf5 36. Rc7+ Rf7 37. Rxf7+ Kxf7 38. Qc4 Qd7 39. Qd3 Kg7 40. Qe4 h5 41. Rd3 Qc7 42. Rd1 Rd7 43. Qf5 Qd6 44. Re1 Re7 45. Rd1 Rc7 46. h4 Rc4 47. Kg1 Rxh4 48. Qe6 Qc5+ 49. Kf1 Rf4+ 50. Ke2 Qf2+ 51. Kd3 Qd4+ 52. Kc2 Rf2+ 0-1

[Event "HUN-chT2 Toth 0203"]
[Site "Hungary"]
[Date "2003.03.02"]
[Round "8"]
[White "Kovacs, Zoltan"]
[Black "Csomos, Janos"]
[Result "1-0"]
[WhiteElo "2146"]
[BlackElo "2079"]
[PlyCount "87"]
[EventDate "2002.09.22"]
[EventType "team-tourn"]
[EventRounds "11"]
[EventCountry "HUN"]
[SourceTitle "EXT 2009"]
[Source "ChessBase"]
[SourceDate "2008.11.26"]
[SourceVersion "1"]
[SourceVersionDate "2008.11.26"]
[SourceQuality "1"]

1. Nf3 d5 2. b3 Nf6 3. Bb2 e6 4. e3 Be7 5. d4 0-0 6. Bd3 c5 7. Nbd2 Nc6 8. c4 cxd4 9. exd4 b6 10. Rc1 dxc4 11. bxc4 Ba6 12. 0-0 Rc8 13. Qe2 Na5 14. a3 Qc7 15. Ne5 Rfd8 16. Rfd1 Bb7 17. g4 g6 18. h4 Nc6 19. Ndf3 Nxe5 20. Nxe5 Nd7 21. d5 Nxe5 22. Bxe5 Qd7 23. h5 exd5 24. hxg6 fxg6 25. f4 Bc5+ 26. Kh2 Qe7 27. Kh3 Qf8 28. cxd5 Bxd5 29. Ba6 Be6 30. Bxc8 Rxc8 31. Bb2 Re8 32. Qf3 h5 33. Qd3 Qh6 34. Kg2 Bxg4 35. Re1 Rf8 36. Qd5+ Rf7 37. Re8+ Bf8 38. Qe5 Qg7 39. Qb5 Qh6 40. Qe5 Qg7 41. Qxg7+ Rxg7 42. Bxg7 Kxg7 43. Rc7+ Kg8 44. Rxa7 1-0